[Event "IHEM 2006"]
[Site "Hamburg"]
[Date "2006.06.05"]
[Round "3.6"]
[White "Bach, Matthias"]
[Black "Berelovich, Aleksandar"]
[Result "0-1"]
[WhiteElo "2315"]
[BlackElo "2571"]
[PlyCount "79"]
[EventDate "2006.??.??"]

1. d4 e6 2. c4 Nf6 3. Nc3 Bb4 4. e3 c5 5. Bd3 Nc6 6. Nge2 d5 7. O-O O-O 8. a3
Bxc3 9. bxc3 dxc4 10. Bxc4 Qc7 11. Ba2 Rd8 12. Ng3 b6 13. Bb2 Ba6 14. Re1 Rac8
15. Qa4 Na5 16. Rac1 Qd7 17. Qd1 Bc4 18. Bb1 Qb5 19. Qc2 Bb3 20. Qd3 Qxd3 21.
Bxd3 Rc7 22. e4 Bc4 23. Bb1 Nb3 24. Rcd1 Rcd7 25. Ba2 Na5 26. Bb1 Bb3 27. Rd2
Nc4 28. Rde2 cxd4 29. cxd4 Nxb2 30. Rxb2 Bc4 31. d5 exd5 32. e5 Ne8 33. Nf5 d4
34. Rd2 g6 35. Ng3 f5 36. Ne2 Nc7 37. Nf4 Ne6 38. Nd3 Kg7 39. f4 b5 40. g3 {
(Zeit)} 0-1

[Event "IHEM 2006"]
[Site "Hamburg"]
[Date "2006.06.05"]
[Round "3.7"]
[White "Kekelidze, Mikheil"]
[Black "Van Delft, Merijn"]
[Result "1/2-1/2"]
[WhiteElo "2528"]
[BlackElo "2372"]
[PlyCount "121"]
[EventDate "2006.??.??"]

1. d4 Nf6 2. Nf3 g6 3. c4 Bg7 4. Nc3 O-O 5. e4 d6 6. Be2 e5 7. O-O Nc6 8. d5
Ne7 9. Ne1 Nd7 10. Nd3 f5 11. Bd2 Nf6 12. f3 Kh8 13. b4 c6 14. a4 a5 15. bxa5
c5 16. g4 Rxa5 {(=)} 17. Rf2 Ra6 18. Rg2 Neg8 19. Nf2 Ne8 20. g5 f4 21. h4 Rf7
22. Bd3 Bf8 23. Kf1 Ng7 24. Ne2 Nh5 25. Bc3 Bg7 26. Ke1 b6 27. Bc2 Rfa7 28. Kd2
Bd7 29. Bb2 Be8 30. Rg1 Ra8 31. Bb3 Qe7 32. Kd3 Qa7 33. Nc3 Qe7 34. Nb5 Qd8 35.
Ng4 Ne7 36. Bc3 Nc8 37. Ra2 Na7 38. Qa1 Qe7 39. Rgg2 Qd8 40. Rg1 Qe7 41. Rgg2
Qd8 42. Bd1 Qc7 43. Rgb2 Qd8 44. Nxa7 R8xa7 45. a5 bxa5 46. Ba4 Bxa4 47. Rxa4
Ra8 48. Rb5 Qe7 49. Rbxa5 Rxa5 50. Rxa5 Rxa5 51. Qxa5 h6 52. gxh6 Bf6 53. Qb6
Kh7 54. Be1 Ng3 55. Ba5 Bxh4 56. Qc6 Qf8 57. Bc7 Be7 58. Qd7 Kh8 59. Qe6 Qa8
60. Qxe7 Qa3+ 61. Kc2 1/2-1/2

[Event "IHEM 2006"]
[Site "Hamburg"]
[Date "2006.06.05"]
[Round "3.8"]
[White "Meyer, Falko"]
[Black "Bodnar, Alexander"]
[Result "1-0"]
[WhiteElo "2322"]
[BlackElo "2398"]
[PlyCount "87"]
[EventDate "2006.??.??"]

1. e4 c5 2. Nf3 Nc6 3. d3 g6 4. g3 Bg7 5. Bg2 e6 6. c3 Nge7 7. O-O O-O 8. Be3
b6 9. Qd2 d5 10. exd5 Nxd5 11. Bh6 Bb7 12. Bxg7 Kxg7 13. d4 Qe7 14. c4 Nf6 15.
dxc5 bxc5 16. Re1 Rfd8 17. Qe2 Nd4 18. Nxd4 cxd4 19. Bxb7 Qxb7 20. b3 e5 21.
Nd2 Re8 22. c5 Qc6 23. Rac1 e4 24. b4 e3 25. Nb3 Rad8 26. fxe3 dxe3 27. b5 Qe4
28. c6 Nd5 29. Nc5 Qd4 30. Nb7 Ra8 31. Red1 Nc3 32. Qb2 Qf6 33. Qxc3 Re5 34.
Rf1 Qe7 35. Rce1 f6 36. Rf3 e2 37. Rf2 Re8 38. Qd3 Kh6 39. Qd6 Rxb5 40. Qd2+ g5
41. Rfxe2 Re5 42. Rxe5 fxe5 43. Qd6+ Kg7 44. c7 1-0

[Event "IHEM 2006"]
[Site "Hamburg"]
[Date "2006.06.05"]
[Round "3.10"]
[White "Jacoby, Gisbert"]
[Black "Lindinger, Markus"]
[Result "1-0"]
[WhiteElo "2225"]
[BlackElo "2322"]
[PlyCount "49"]
[EventDate "2006.??.??"]

1. e4 c5 2. Nf3 Nc6 3. d4 cxd4 4. Nxd4 Qb6 5. Nb3 Nf6 6. Nc3 e6 7. Qe2 Bb4 8.
Bd2 O-O 9. e5 Bxc3 10. Bxc3 Nd5 11. Bd2 a5 12. c4 Nde7 13. Be3 Qd8 14. f4 a4
15. Nd4 a3 16. b3 d6 17. O-O-O Qa5 18. exd6 Qc3+ 19. Kb1 e5 20. Rd3 Nxd4 21.
Bxd4 Qxd3+ 22. Qxd3 Bf5 23. dxe7 Bxd3+ 24. Bxd3 Rfe8 25. Bc5 1-0

[Event "IHEM 2006"]
[Site "Hamburg"]
[Date "2006.06.05"]
[Round "3.11"]
[White "Stanke, Juergen"]
[Black "Albers, Andreas"]
[Result "1-0"]
[WhiteElo "2335"]
[BlackElo "1995"]
[PlyCount "103"]
[EventDate "2006.??.??"]

1. c4 Nf6 2. Nc3 g6 3. e4 e5 4. Nf3 Bg7 5. d4 exd4 6. Qxd4 Nc6 7. Qd3 O-O 8.
Be2 d6 9. O-O Bg4 10. Rd1 Nd7 11. Bg5 Qe8 12. Qe3 f6 13. Bh6 Nde5 14. Bxg7 Kxg7
15. Nb5 Bxf3 16. gxf3 Qc8 17. f4 Nf7 18. Qg3 a6 19. Bg4 Qd8 20. Nc3 Nh6 21. Bh3
Qe8 22. Rd5 Kh8 23. Rad1 Ne7 24. R5d2 f5 25. Qh4 Neg8 26. Nd5 Qf7 27. e5 dxe5
28. fxe5 Rae8 29. Qd4 Qg7 30. f4 c6 31. Ne3 Qe7 32. Ng2 Qe6 33. Qc5 Nf7 34. Nh4
Rd8 35. Nf3 Rxd2 36. Rxd2 Rd8 37. Rxd8 Nxd8 38. Qd4 Nf7 39. Bf1 h6 40. c5 Ne7
41. Bc4 Nd5 42. Bxd5 cxd5 43. Qb4 g5 44. Qxb7 gxf4 45. Qb6 Qe7 46. Kf1 Kg7 47.
c6 Qe6 48. Qd4 Kg6 49. c7 Qc6 50. Qc3 Qb5+ 51. Kf2 Qb6+ 52. Nd4 1-0

[Event "IHEM 2006"]
[Site "Hamburg"]
[Date "2006.06.05"]
[Round "3.12"]
[White "Ewaldt, Michael"]
[Black "Zierke, Oliver"]
[Result "1/2-1/2"]
[WhiteElo "2104"]
[BlackElo "2294"]
[PlyCount "77"]
[EventDate "2006.??.??"]

1. e4 c5 2. Nf3 Nc6 3. d4 cxd4 4. Nxd4 Nf6 5. Nc3 d6 6. Be2 e5 7. Nf3 h6 8. O-O
Be7 9. Re1 O-O 10. Bf1 Bg4 11. h3 Bh5 12. g4 Bg6 13. Nh4 Bxe4 14. Nxe4 Nxe4 15.
Ng6 fxg6 16. Qd5+ Kh7 17. Rxe4 Qb6 18. Be3 Qxb2 19. Re1 Qc3 20. Rb1 Qa5 21. Rb5
Qc7 22. Rc4 Qd7 23. Bd3 Rac8 24. Bxa7 Nxa7 25. Rxb7 Qe8 26. Rxa7 Rxc4 27. Bxc4
Bh4 28. Rf7 Rxf7 {(=)} 29. Qxf7 Qxf7 30. Bxf7 h5 31. a4 hxg4 32. hxg4 Bd8 33.
f3 Kh6 34. Kf2 Kg5 35. Ke3 Kf6 36. Bc4 Ke7 37. Ke4 Bb6 38. Kd5 Kd7 39. Bd3 {(=)
} 1/2-1/2

[Event "IHEM 2006"]
[Site "Hamburg"]
[Date "2006.06.05"]
[Round "3.13"]
[White "Schulz, Hans Juergen"]
[Black "Engelbert, Christoph"]
[Result "1/2-1/2"]
[WhiteElo "2040"]
[BlackElo "2227"]
[PlyCount "61"]
[EventDate "2006.??.??"]

1. e4 g6 2. d4 Bg7 3. Nf3 d6 4. h3 Nf6 5. Bd3 O-O 6. O-O Nc6 7. d5 Nb4 8. Nc3
Nxd3 9. cxd3 c6 10. dxc6 bxc6 11. d4 Nd7 12. Be3 Rb8 13. Rb1 Qa5 14. Qd2 Qh5
15. Ne2 Qb5 16. Nc3 Qb4 17. Rfc1 Nb6 18. b3 c5 19. Bh6 cxd4 20. Bxg7 Kxg7 21.
Nxd4 Bb7 22. a3 Qa5 23. Ndb5 Nd7 24. Qd4+ Nf6 25. e5 dxe5 26. Qxe5 Ba6 27. a4
Bxb5 28. b4 Qa6 29. axb5 Qb7 30. Re1 Rfc8 31. Rbc1 1/2-1/2

[Event "IHEM 2006"]
[Site "Hamburg"]
[Date "2006.06.05"]
[Round "3.14"]
[White "Sternberg, Lew"]
[Black "Weiss, Siegfried"]
[Result "1-0"]
[WhiteElo "2072"]
[BlackElo "2126"]
[PlyCount "81"]
[EventDate "2006.??.??"]

1. e4 e6 2. d4 c5 3. d5 exd5 4. exd5 d6 5. Bd3 Nf6 6. Bg5 Be7 7. Nc3 O-O 8. h4
Na6 9. Nge2 Nb4 10. Bc4 Bf5 11. Bb3 h6 12. Bf4 Nd7 13. a3 Na6 14. Ng3 Bh7 15.
Qg4 Nf6 16. Qf3 Qd7 17. Ba4 Qg4 18. Qe3 Nc7 19. f3 Qc8 20. Qxe7 b5 21. Qxd6
Nce8 22. Qc6 bxa4 23. Qxc8 Rxc8 24. O-O-O Nc7 25. Bd6 Rfe8 26. Bxc7 Rxc7 27.
Nxa4 c4 28. d6 Rc6 29. Rd4 Rd8 30. Rhd1 Kf8 31. Nc3 Rd7 32. Nb5 Ke8 33. a4 Kd8
34. Na3 Ra6 35. Nxc4 Rxa4 36. Ne5 Ra1+ 37. Kd2 Rxd1+ 38. Kxd1 Rb7 39. b4 Bg8
40. Nf5 Rb5 41. Ne7 1-0

[Event "IHEM 2006"]
[Site "Hamburg"]
[Date "2006.06.06"]
[Round "4.1"]
[White "Loeffler, Stefan"]
[Black "Lanka, Zigurds"]
[Result "1/2-1/2"]
[WhiteElo "2437"]
[BlackElo "2510"]
[PlyCount "139"]
[EventDate "2006.??.??"]

1. d4 Nf6 2. c4 g6 3. Nc3 Bg7 4. e4 d6 5. Be2 O-O 6. Bg5 h6 7. Be3 Nbd7 8. Qc2
c5 9. d5 Re8 10. Nf3 Nf8 11. h3 e6 12. O-O exd5 13. cxd5 a6 14. a4 g5 15. Nd2
Ng6 16. Rab1 g4 17. hxg4 Nxg4 18. Bxg4 Bxg4 19. Rfe1 Qf6 20. f3 Bd7 21. Nc4
Rad8 22. Nb6 Kh8 23. Qf2 Ne5 24. Red1 Rg8 25. Ne2 Kh7 26. Ng3 Qg6 27. Nxd7 Rxd7
28. b3 Bf6 29. Nf5 h5 30. Kf1 Rh8 31. Ke2 Kg8 32. Rh1 h4 33. Rbg1 Bd8 34. Nxh4
Qf6 35. Qg3+ Kf8 36. Nf5 Ng6 37. Rxh8+ Qxh8 38. Bh6+ Kg8 39. Bg7 Qh5 40. Bc3
Bg5 41. Nxd6 Nf4+ 42. Kf1 Rxd6 43. Be5 Rg6 44. Bxf4 Bh6 45. Qh2 Qxh2 46. Bxh2
Rb6 47. Bc7 Rxb3 48. d6 Bf4 49. g3 Rxf3+ 50. Ke2 Rxg3 51. d7 Bxc7 52. Rxg3+ Kf8
53. Rg5 Ke7 54. Rxc5 Kxd7 55. Kd3 f6 56. Kc4 b6 57. Rh5 Kc6 58. Rh7 b5+ 59. Kb3
bxa4+ 60. Kxa4 Kd6 61. Rf7 Bd8 62. Rf8 Ke7 63. Rh8 Bc7 64. Ra8 Ke6 65. Rxa6+
Ke5 66. Rc6 Bb8 67. Rc8 Bd6 68. Rd8 Bc7 69. Rd7 Bb8 70. Rd8 1/2-1/2

[Event "IHEM 2006"]
[Site "Hamburg"]
[Date "2006.06.06"]
[Round "4.2"]
[White "Souleidis, Georgios"]
[Black "Landa, Konstantin"]
[Result "0-1"]
[WhiteElo "2435"]
[BlackElo "2600"]
[PlyCount "119"]
[EventDate "2006.??.??"]

1. e4 c6 2. d4 d5 3. e5 Bf5 4. c4 e6 5. Nc3 Ne7 6. a3 dxc4 7. Bxc4 Nd7 8. Nge2
Nb6 9. Bb3 Qd7 10. O-O Rd8 11. a4 Nbd5 12. a5 h6 13. Ng3 Bg6 14. Qe2 Nb4 15.
Rd1 Nf5 16. Nxf5 Bxf5 17. Be3 Be7 18. g4 Bh7 19. f4 O-O 20. Rd2 Kh8 21. Qf2 f5
22. exf6 Rxf6 23. Qg2 Bd6 24. Ne4 Bxe4 25. Qxe4 Nd5 26. Bc2 g6 27. Rf2 Rdf8 28.
Raf1 Qf7 29. g5 Nxe3 30. gxf6 Nxf1 31. Kxf1 Qxf6 32. Qxg6 Qxg6 33. Bxg6 Bxf4
34. Be4 a6 35. Ke2 Kg7 36. h3 Rf6 37. Kd3 h5 38. b3 Kh6 39. Bg2 Kg5 40. Ke4 Bc7
41. Rxf6 Kxf6 42. Bf3 h4 43. Bg4 Bxa5 44. Be2 Ke7 45. Bd1 Kd6 46. Bg4 Bc3 47.
Kd3 Be1 48. Ke4 Bf2 49. Be2 Be1 50. Bg4 Ba5 51. Be2 Bd8 52. Bg4 Bf6 53. Kd3 Bg7
54. Ke4 b6 55. Be2 a5 56. Bg4 e5 57. dxe5+ Kc5 58. e6 Bf8 59. e7 Bxe7 60. Kd3 {
(Zeit)} 0-1

[Event "IHEM 2006"]
[Site "Hamburg"]
[Date "2006.06.06"]
[Round "4.3"]
[White "Berelovich, Aleksandar"]
[Black "Chevelevitch, Evgueni"]
[Result "1-0"]
[WhiteElo "2571"]
[BlackElo "2423"]
[PlyCount "133"]
[EventDate "2006.??.??"]

1. e4 e5 2. Nf3 Nc6 3. Bb5 a6 4. Ba4 Nf6 5. O-O Be7 6. Re1 b5 7. Bb3 O-O 8. a4
Bb7 9. d3 d6 10. Nbd2 Na5 11. Ba2 c5 12. Nf1 b4 13. Ng3 Bc8 14. c3 Rb8 15. d4
bxc3 16. bxc3 Qc7 17. h3 h6 18. Nh4 c4 19. Nhf5 Re8 20. Qf3 Nb3 21. Bxb3 Rxb3
22. Bd2 Kh7 23. Rad1 Be6 24. d5 Bc8 25. Ra1 a5 26. Kh2 Qd8 27. Reb1 Bf8 28.
Rxb3 cxb3 29. c4 g6 30. Ne3 Bg7 31. Rb1 Qb6 32. Nc2 b2 33. Qc3 Qxf2 34. Qd3 Qb6
35. Be3 Qb7 36. Na3 h5 37. Nb5 Qd7 38. Rxb2 h4 39. Ne2 Nh5 40. Qa3 Bf8 41. c5
dxc5 42. Bxc5 Bxc5 43. Qxc5 Nf6 44. Nec3 Ba6 45. Qb6 Bxb5 46. Qxf6 Bc4 47.
Qxh4+ Kg7 48. Rb6 Qd8 49. Qxd8 Rxd8 50. Kg3 f5 51. Re6 Rb8 52. Rc6 Bd3 53. d6
Bxe4 54. Rc7+ Kf6 55. d7 Rd8 56. Nxe4+ fxe4 57. Rc6+ Ke7 58. Rxg6 Kxd7 59. Kf2
Ke7 60. Ke3 Rd4 61. h4 Kf7 62. h5 Rxa4 63. g4 Rb4 64. Ra6 a4 65. g5 Rb1 66. h6
Kg8 67. g6 1-0

[Event "IHEM 2006"]
[Site "Hamburg"]
[Date "2006.06.06"]
[Round "4.4"]
[White "Rogozenko, Dorian"]
[Black "Jacoby, Gisbert"]
[Result "1-0"]
[WhiteElo "2532"]
[BlackElo "2225"]
[PlyCount "81"]
[EventDate "2006.??.??"]

1. d4 e6 2. c4 c5 3. d5 d6 4. e4 g6 5. Nc3 Bg7 6. dxe6 Bxc3+ 7. bxc3 Bxe6 8.
Bf4 Nc6 9. Rb1 Qa5 10. Rxb7 Nf6 11. f3 O-O 12. Qxd6 Qxc3+ 13. Kf2 Na5 14. Rb5
Nxc4 15. Bxc4 Qxc4 16. Rxc5 Qxa2+ 17. Ne2 Rfd8 18. Qe7 Nd7 19. Rc7 Re8 20. Qd6
Nb6 21. Bh6 Qb2 22. Qd4 Qxd4+ 23. Nxd4 Rec8 24. Nxe6 fxe6 25. Rg7+ Kh8 26. Rd1
e5 27. h4 Rg8 28. Rb7 Rgb8 29. Bg7+ Kg8 30. Rxb8+ Rxb8 31. Bxe5 Rb7 32. Rc1 Re7
33. Bd4 Kf7 34. Rc6 Rb7 35. g4 Nd7 36. h5 gxh5 37. gxh5 Rb4 38. Ke3 a5 39. e5
Nf8 40. Rf6+ Ke8 41. Rxf8+ 1-0

[Event "IHEM 2006"]
[Site "Hamburg"]
[Date "2006.06.06"]
[Round "4.6"]
[White "Kopylov, Mihail"]
[Black "Meyer, Falko"]
[Result "1-0"]
[WhiteElo "2463"]
[BlackElo "2322"]
[PlyCount "61"]
[EventDate "2006.??.??"]

1. e4 e5 2. Nf3 d6 3. d4 Nd7 4. Bc4 Be7 5. O-O c6 6. dxe5 dxe5 7. Ng5 Bxg5 8.
Qh5 g6 9. Qxg5 Qxg5 10. Bxg5 Nf8 11. Nd2 Ne6 12. Bh4 f6 13. f3 g5 14. Bf2 Ne7
15. Bb3 Ng6 16. Nc4 Ke7 17. Rfd1 b6 18. a4 g4 19. a5 b5 20. Nd6 Nd4 21. Bxd4
exd4 22. Nf5+ Kd8 23. Nxd4 Kc7 24. Nxc6 gxf3 25. gxf3 Bh3 26. Nb4 Rhf8 27. Rd5
Nf4 28. Rc5+ Kd6 29. Rc6+ Ke5 30. Kf2 Bd7 31. Rd1 1-0

[Event "IHEM 2006"]
[Site "Hamburg"]
[Date "2006.06.06"]
[Round "4.7"]
[White "Van Delft, Merijn"]
[Black "Bobras, Piotr"]
[Result "0-1"]
[WhiteElo "2372"]
[BlackElo "2535"]
[PlyCount "86"]
[EventDate "2006.??.??"]

1. e4 e5 2. Nf3 Nc6 3. Bb5 a6 4. Ba4 Nf6 5. d3 d6 6. c3 Bd7 7. Nbd2 g6 8. Nf1
Bg7 9. h3 h6 10. Bc2 d5 11. g4 Be6 12. Qe2 h5 13. g5 Nd7 14. Ne3 Nb6 15. h4 Qd7
16. Nd2 Ne7 17. Nb3 Na4 18. c4 c6 19. Na5 b5 20. b3 Nc3 21. Qd2 d4 22. Nd1 c5
23. a3 b4 24. axb4 cxb4 25. Nxc3 dxc3 26. Qe2 O-O 27. Be3 Nc6 28. Nxc6 Qxc6 29.
Ra5 Qc7 30. Rc5 Qd6 31. O-O f6 32. Ra5 fxg5 33. Bc5 Qb8 34. Bxf8 Qxf8 35. Rfa1
gxh4 36. Rxa6 Re8 37. R1a5 Qf4 38. Ra8 Qc1+ 39. Kh2 Bh6 40. Rxe8+ Kf7 41. Rxe6
Bf4+ 42. Kg2 h3+ 43. Kxh3 Qh1# 0-1

[Event "IHEM 2006"]
[Site "Hamburg"]
[Date "2006.06.06"]
[Round "4.8"]
[White "Siebrecht, Sebastian"]
[Black "Kekelidze, Mikheil"]
[Result "0-1"]
[WhiteElo "2394"]
[BlackElo "2528"]
[PlyCount "82"]
[EventDate "2006.??.??"]

1. Nf3 d5 2. d4 Nf6 3. c4 c6 4. Nc3 a6 5. e3 b5 6. b3 Bg4 7. Be2 e6 8. O-O Nbd7
9. h3 Bf5 10. Bd3 Bd6 11. Bxf5 exf5 12. Qd3 g6 13. Bd2 O-O 14. Rfc1 Qb8 15. Rc2
Qb7 16. Rac1 Rac8 17. Ne2 Rfe8 18. a4 b4 19. c5 Bc7 20. a5 Ne4 21. Be1 g5 22.
Ra1 Rb8 23. Ra4 Qc8 24. Rxb4 Rxb4 25. Bxb4 g4 26. hxg4 fxg4 27. Nd2 Ndf6 28.
Nxe4 Nxe4 29. Be1 Qf5 30. Nc3 Bxa5 31. Nxe4 Bxe1 32. Re2 dxe4 33. Qxa6 g3 34.
fxg3 Bxg3 35. Qxc6 Re6 36. Qd7 Qh5 37. Qd8+ Kg7 38. Rf2 Bxf2+ 39. Kxf2 Rf6+ 40.
Ke1 Qh1+ 41. Kd2 Qxg2+ 0-1

[Event "IHEM 2006"]
[Site "Hamburg"]
[Date "2006.06.06"]
[Round "4.9"]
[White "Bodnar, Alexander"]
[Black "Stanke, Juergen"]
[Result "1/2-1/2"]
[WhiteElo "2398"]
[BlackElo "2335"]
[PlyCount "102"]
[EventDate "2006.??.??"]

1. d4 Nf6 2. Nf3 e6 3. g3 c5 4. Bg2 cxd4 5. Nxd4 a6 6. c4 Qc7 7. b3 d6 8. O-O
Bd7 9. Bb2 Nc6 10. Nc3 Rc8 11. Rc1 Qb8 12. e4 Be7 13. Nc2 O-O 14. Qe2 Rfd8 15.
Rfd1 Be8 16. Ne3 Bf8 17. g4 Ne5 18. g5 Nfd7 19. h4 Ng6 20. Qg4 b5 21. Qg3 bxc4
22. f4 d5 23. exd5 Nxf4 24. dxe6 fxe6 25. Nxc4 Nb6 26. Bf1 Nxc4 27. Bxc4 Bd6
28. Rxd6 Qxd6 29. Rf1 Qd4+ 30. Kh2 Rxc4 31. bxc4 Nh5 32. Qf2 Bg6 33. c5 Qe5+
34. Kg1 Rc8 35. Re1 Qxc5 36. Qxc5 Rxc5 37. Rxe6 a5 38. Rb6 Rc4 39. Nd5 Rxh4 40.
Kf2 Be4 41. Nc3 Bc2 42. Bc1 Rc4 43. Bd2 Nf4 44. Kf3 Nd3 45. Rb5 Rc5 46. Ke3
Rxb5 47. Nxb5 Nb4 48. Kd4 Nxa2 49. Bxa5 Nc1 50. Ke3 Nb3 51. Bb6 Bg6 1/2-1/2

[Event "IHEM 2006"]
[Site "Hamburg"]
[Date "2006.06.06"]
[Round "4.11"]
[White "Zierke, Oliver"]
[Black "Sternberg, Lew"]
[Result "1-0"]
[WhiteElo "2294"]
[BlackElo "2072"]
[PlyCount "69"]
[EventDate "2006.??.??"]

1. d4 d5 2. c4 e6 3. Nc3 dxc4 4. e4 Nf6 5. Bxc4 a6 6. Bg5 Be7 7. Nf3 b5 8. Bd3
Bb7 9. Qe2 Nc6 10. Rd1 Kf8 11. Bb1 Qe8 12. Bxf6 gxf6 13. d5 Na5 14. Qe3 Rg8 15.
O-O Nc4 16. Qh6+ Rg7 17. Nd4 Bc8 18. b3 Ne5 19. Kh1 Kg8 20. Qd2 c5 21. Nde2 Bb7
22. f4 Ng6 23. Ng3 Nh4 24. f5 Bd6 25. Nce2 Rg5 26. dxe6 Rd8 27. Nf4 Bc7 28. Qe3
Rxd1 29. Rxd1 Qc6 30. Nd5 Kg7 31. Nxc7 Qxc7 32. Rd7 Qc6 33. Rxf7+ Kg8 34. Qd2
Kh8 35. Qd8+ 1-0

[Event "IHEM 2006"]
[Site "Hamburg"]
[Date "2006.06.06"]
[Round "4.12"]
[White "Ewaldt, Michael"]
[Black "Putzbach, Gerd"]
[Result "1-0"]
[WhiteElo "2104"]
[BlackElo "2257"]
[PlyCount "99"]
[EventDate "2006.??.??"]

1. e4 c5 2. Nf3 e6 3. d4 cxd4 4. Nxd4 Nf6 5. Nc3 d6 6. Be2 a6 7. Be3 Nc6 8. f4
Qc7 9. g4 Be7 10. g5 Nd7 11. Rg1 O-O 12. Qd2 Nc5 13. O-O-O Re8 14. f5 Bf8 15.
fxe6 fxe6 16. Rdf1 Ne5 17. Nf3 Nxf3 18. Bxf3 Nd7 19. Bh5 g6 20. Nd5 exd5 21.
Qxd5+ Kh8 22. Qf7 Qd8 23. Bd4+ Ne5 24. Bxg6 Re7 25. Qxf8+ Qxf8 26. Rxf8+ Kg7
27. Re8 Rxe8 28. Bxe8 Be6 29. Bh5 Rf8 30. b3 Rf4 31. Bb2 Rh4 32. Bd1 Kg6 33.
Ba3 Nf7 34. Rg2 Rxe4 35. Bf3 Re1+ 36. Kb2 d5 37. h4 Ne5 38. Be2 Kf5 39. h5 Bf7
40. Bd6 Ke6 41. Bb8 Rh1 42. Rf2 Nc6 43. Rf6+ Ke7 44. Bd6+ Ke8 45. g6 hxg6 46.
hxg6 Bg8 47. Rf8+ Kd7 48. Bc5 Be6 49. g7 Rh2 50. Bg4 1-0

[Event "IHEM 2006"]
[Site "Hamburg"]
[Date "2006.06.06"]
[Round "4.14"]
[White "Weiss, Siegfried"]
[Black "Albers, Andreas"]
[Result "1-0"]
[WhiteElo "2126"]
[BlackElo "1995"]
[PlyCount "95"]
[EventDate "2006.??.??"]

1. b3 d5 2. Bb2 c6 3. e3 Nf6 4. d3 Bg4 5. f3 Bh5 6. g4 Bg6 7. f4 e6 8. g5 Nfd7
9. Nd2 h6 10. Ngf3 hxg5 11. Nxg5 e5 12. Bg2 Be7 13. h4 exf4 14. exf4 Nf6 15.
Qe2 Nh5 16. Qf2 Bf6 17. Bxf6 Qxf6 18. O-O Bf5 19. Rae1+ Kf8 20. Re5 Nd7 21.
Rxf5 Qxf5 22. Bh3 Qf6 23. Bxd7 Qd6 24. Bh3 Re8 25. c4 b6 26. b4 dxc4 27. Nxc4
Qxd3 28. Ne5 Qc3 29. Nexf7 Ng3 30. Nxh8 Re2 31. Ng6+ Ke8 32. Bd7+ Kxd7 33. Rd1+
Kc8 34. Qd4 Qc2 35. Ne7+ Kb7 36. Qd7+ Ka6 37. b5+ Kxb5 38. Qd3+ Qxd3 39. Rxd3
Rxe7 40. Rxg3 Re1+ 41. Kf2 Rh1 42. Nf3 Ra1 43. Rxg7 Rxa2+ 44. Kg3 a5 45. h5 Ra1
46. h6 Rh1 47. Nh4 a4 48. Rg5+ 1-0

[Event "IHEM 2006"]
[Site "Hamburg"]
[Date "2006.06.06"]
[Round "5.2"]
[White "Lanka, Zigurds"]
[Black "Berelovich, Aleksandar"]
[Result "1-0"]
[WhiteElo "2510"]
[BlackElo "2571"]
[PlyCount "61"]
[EventDate "2006.??.??"]

1. e4 e6 2. d4 d5 3. Nc3 Bb4 4. e5 c5 5. a3 Bxc3+ 6. bxc3 Ne7 7. Nf3 Qa5 8. Bd2
Nbc6 9. Be2 Bd7 10. O-O c4 11. Re1 h6 12. h4 O-O-O 13. h5 Rdg8 14. a4 Nf5 15.
Nh2 Nb8 16. Qc1 Bc6 17. Bg4 Ne7 18. Nf1 Bd7 19. Qa3 Nbc6 20. Bf4 Qc7 21. Bg3
Qd8 22. a5 Kb8 23. Ne3 Ka8 24. Reb1 Qc7 25. Bf3 Rb8 26. Bh4 Rhe8 27. Qc5 Rbc8
28. Kf1 Qb8 29. Nxc4 dxc4 30. Bxe7 Nxe7 31. a6 1-0

[Event "IHEM 2006"]
[Site "Hamburg"]
[Date "2006.06.06"]
[Round "5.3"]
[White "Kopylov, Mihail"]
[Black "Rogozenko, Dorian"]
[Result "1/2-1/2"]
[WhiteElo "2463"]
[BlackElo "2532"]
[PlyCount "29"]
[EventDate "2006.??.??"]

1. d4 d5 2. c4 c6 3. cxd5 cxd5 4. Nf3 Nf6 5. Nc3 Nc6 6. Bf4 a6 7. Rc1 Bf5 8. e3
Rc8 9. Be2 e6 10. O-O Bd6 11. Bxd6 Qxd6 12. Na4 O-O 13. Nc5 Rc7 14. Qb3 Qe7 15.
Qb6 {(=)} 1/2-1/2

[Event "IHEM 2006"]
[Site "Hamburg"]
[Date "2006.06.06"]
[Round "5.4"]
[White "Bobras, Piotr"]
[Black "Kekelidze, Mikheil"]
[Result "0-1"]
[WhiteElo "2535"]
[BlackElo "2528"]
[PlyCount "54"]
[EventDate "2006.??.??"]

1. d4 d5 2. c4 c6 3. Nc3 Nf6 4. Nf3 dxc4 5. a4 Na6 6. e4 Be6 7. Ne5 Qa5 8. f3
Rd8 9. Be3 Qb4 10. Qc1 Nd7 11. Nxd7 Bxd7 12. a5 e5 13. Ra4 Qd6 14. Rxc4 Be6 15.
d5 cxd5 16. Nb5 Qd7 17. Nc7+ Nxc7 18. Rxc7 Bb4+ 19. Kf2 Qa4 20. Rxb7 O-O 21.
Bb5 Qxa5 22. Rd1 Rc8 23. Bc6 d4 24. Bh6 gxh6 25. Qxh6 Qd8 26. Bd7 Bxd7 27. Rxd7
Qb6 0-1

[Event "IHEM 2006"]
[Site "Hamburg"]
[Date "2006.06.06"]
[Round "5.5"]
[White "Saltaev, Mihail"]
[Black "Ewaldt, Michael"]
[Result "1-0"]
[WhiteElo "2500"]
[BlackElo "2104"]
[PlyCount "75"]
[EventDate "2006.??.??"]

1. e4 e6 2. d4 d5 3. e5 c5 4. c3 Qb6 5. Nf3 Bd7 6. Qd3 Nc6 7. Be3 Na5 8. Qc2
cxd4 9. Bxd4 Qc7 10. Nbd2 Nh6 11. Bd3 Nf5 12. Bxf5 exf5 13. O-O Nc6 14. Qd3 Be6
15. Nb3 Rc8 16. Rfe1 Be7 17. Bc5 Nxe5 18. Nxe5 Bxc5 19. Qb5+ Kf8 20. Nxc5 Qxc5
21. Qxb7 Qc7 22. Qb4+ Kg8 23. Rad1 h6 24. Ng6 fxg6 25. Rxe6 Kh7 26. Re7 Qb6 27.
Qxb6 axb6 28. Rxd5 Rhe8 29. Rxe8 Rxe8 30. Kf1 Re6 31. a4 Kg8 32. a5 bxa5 33.
Rxa5 Kf7 34. b4 f4 35. b5 g5 36. Ra7+ Kf8 37. f3 h5 38. h3 1-0

[Event "IHEM 2006"]
[Site "Hamburg"]
[Date "2006.06.06"]
[Round "5.7"]
[White "Stanke, Juergen"]
[Black "Souleidis, Georgios"]
[Result "0-1"]
[WhiteElo "2335"]
[BlackElo "2435"]
[PlyCount "142"]
[EventDate "2006.??.??"]

1. d4 Nf6 2. c4 g6 3. Nc3 Bg7 4. e4 d6 5. Be2 O-O 6. Nf3 e5 7. O-O Na6 8. d5
Nc5 9. Qc2 a5 10. Bg5 h6 11. Be3 b6 12. Nd2 Bg4 13. f3 Bd7 14. b3 Nh5 15. g3 f5
16. Bf2 fxe4 17. Ndxe4 Bh3 18. Rfe1 Nxe4 19. Nxe4 Bf5 20. Be3 Nf6 21. Bd3 Kh7
22. Rad1 Qd7 23. a4 Rf7 24. Rf1 Raf8 25. Nxf6+ Rxf6 26. Be4 Bxe4 27. Qxe4 h5
28. Bg5 R6f7 29. Kg2 Qf5 30. h4 Bh6 31. Bxh6 Kxh6 32. Rde1 Qd7 33. Re3 Rf5 34.
Rh1 Qf7 35. Kf2 Kh7 36. Ke2 Qf6 37. Rh2 Rf7 38. Rh3 Kg8 39. Rd3 Qg7 40. Kf2
R7f6 41. Re3 g5 42. hxg5 Rxg5 43. Qh4 Qg6 44. Re4 Rf7 45. Ke3 Rg7 46. g4 Rh7
47. Qe1 hxg4 48. Rxh7 Qxh7 49. fxg4 Qh3+ 50. Kd2 Rxg4 51. Rxg4+ Qxg4 52. Kd3
Kg7 53. Qf1 Kg6 54. Kc3 Qf4 55. Qg2+ Kf6 56. Qh3 Qc1+ 57. Kd3 Qb1+ 58. Kc3 Qc1+
59. Kd3 Qd1+ 60. Kc3 Qe1+ 61. Kc2 Qf2+ 62. Kc3 Kg5 63. Qh7 Qf3+ 64. Kb2 e4 65.
Qg7+ Kf5 66. Qxc7 Qf2+ 67. Kc3 Qg3+ 68. Kd2 Qd3+ 69. Ke1 Qe3+ 70. Kf1 Qf3+ 71.
Ke1 e3 0-1

[Event "IHEM 2006"]
[Site "Hamburg"]
[Date "2006.06.06"]
[Round "5.8"]
[White "Jacoby, Gisbert"]
[Black "Zierke, Oliver"]
[Result "1/2-1/2"]
[WhiteElo "2225"]
[BlackElo "2294"]
[PlyCount "52"]
[EventDate "2006.??.??"]

1. c4 e6 2. e4 d5 3. exd5 exd5 4. d4 Nf6 5. Nf3 Be7 6. Nc3 O-O 7. Bd3 dxc4 8.
Bxc4 Nbd7 9. O-O Nb6 10. Bb3 Bg4 11. Re1 Qd7 12. h3 Bxf3 13. Qxf3 c6 14. Bf4
Nbd5 15. Be5 Bb4 16. Qg3 Ne8 17. Re2 Rd8 18. Rc1 f6 19. Bf4 Bxc3 20. bxc3 Kh8
21. Rce1 Rf7 22. c4 Nxf4 23. Qxf4 Nc7 24. d5 cxd5 25. cxd5 g5 26. Qc4 Qd6
1/2-1/2

[Event "IHEM 2006"]
[Site "Hamburg"]
[Date "2006.06.06"]
[Round "5.9"]
[White "Meyer, Falko"]
[Black "Siebrecht, Sebastian"]
[Result "1/2-1/2"]
[WhiteElo "2322"]
[BlackElo "2394"]
[PlyCount "31"]
[EventDate "2006.??.??"]

1. e4 c6 2. d3 d5 3. Nd2 dxe4 4. dxe4 e5 5. Ngf3 Bc5 6. Be2 Qc7 7. a4 Nf6 8.
O-O O-O 9. c3 Bg4 10. Qc2 Nbd7 11. Nc4 Rfe8 12. a5 b5 13. axb6 axb6 14. Bg5 b5
15. Ne3 Bh5 16. Nf5 {(=)} 1/2-1/2

[Event "IHEM 2006"]
[Site "Hamburg"]
[Date "2006.06.06"]
[Round "5.10"]
[White "Bach, Matthias"]
[Black "Bodnar, Alexander"]
[Result "1/2-1/2"]
[WhiteElo "2315"]
[BlackElo "2398"]
[PlyCount "29"]
[EventDate "2006.??.??"]

1. d4 Nf6 2. c4 e6 3. g3 d5 4. Bg2 a6 5. Nf3 dxc4 6. Ne5 c5 7. Na3 cxd4 8.
Naxc4 Bc5 9. O-O O-O 10. e3 Nc6 11. Nxc6 bxc6 12. exd4 Bxd4 13. Bxc6 Rb8 14.
Bf4 e5 15. Bxe5 1/2-1/2